Life comes from life (Record no. 18883)

000 -LEADER
fixed length control field 00479nam a22001457a 4500
008 - FIXED-LENGTH DATA ELEMENTS--GENERAL INFORMATION
fixed length control field 210123b ||||| |||| 00| 0 eng d
082 ## - DEWEY DECIMAL CLASSIFICATION NUMBER
Edition number 23
Classification number 294.52
Item number PRA
100 ## - MAIN ENTRY--PERSONAL NAME
Personal name Prabhupada, A.C. Bhaktivedanta Swami
245 ## - TITLE STATEMENT
Title Life comes from life
Remainder of title Morning walks with his divine grace
250 ## - EDITION STATEMENT
Edition statement 1st
260 ## - PUBLICATION, DISTRIBUTION, ETC. (IMPRINT)
Place of publication, distribution, etc. Mumbai
Name of publisher, distributor, etc. The Bhaktivedanta Book Trust
Date of publication, distribution, etc. 1981
300 ## - PHYSICAL DESCRIPTION
Extent xiv; 142 p.
Dimensions 22 cm
650 ## - SUBJECT ADDED ENTRY--TOPICAL TERM
Topical term or geographic name as entry element Life comes from life: Morning walks with his divine grace
942 ## - ADDED ENTRY ELEMENTS (KOHA)
Source of classification or shelving scheme
Koha item type Books
Holdings
Withdrawn status Lost status Source of classification or shelving scheme Materials specified (bound volume or other part) Damaged status Not for loan Collection code Permanent location Current location Shelving location Date acquired Coded location qualifier Full call number Barcode Date last seen Price effective from Koha item type
      PB   Not For Loan Donated (দান-বৰঙণী) Maulana Azad Central Library Maulana Azad Central Library Donated Book 2021-01-23 DNT 294.52 PRA DNT 465 2021-01-23 2021-01-23 Books

Copyright @ USTM
Techno City, Kiling Road, Baridua, 9th Mile,
Ri-Bhoi, Meghalaya-793101

Powered by Koha